| 000 -LEADER | |
|---|---|
| fixed length control field | 00466nam a22001697a 4500 |
| 005 - DATE AND TIME OF LATEST TRANSACTION | |
| control field | 20251210173034.0 |
| 008 - FIXED-LENGTH DATA ELEMENTS--GENERAL INFORMATION | |
| fixed length control field | 200521b xxu||||| |||| 00| 0 eng d |
| 020 ## - INTERNATIONAL STANDARD BOOK NUMBER | |
| ISBN | 9789388983327 |
| 041 ## - LANGUAGE CODE | |
| Language code of text/sound track or separate title | eng |
| 082 ## - DEWEY DECIMAL CLASSIFICATION NUMBER | |
| Classification number | 336.2 SIN |
| 100 ## - MAIN ENTRY--AUTHOR NAME | |
| Personal name | SInghania ,Dr. Vinod K and Singhania ,Dr. Kapil |
| 245 ## - TITLE STATEMENT | |
| Title | Student Guide to Income Tax Including GST(61st ed) |
| 250 ## - EDITION STATEMENT | |
| Edition statement | 61'th ed. AND 73RD ED. |
| 260 ## - PUBLICATION, DISTRIBUTION, ETC. (IMPRINT) | |
| Place of publication | New Delhi |
| Name of publisher | Taxman |
| Year of publication | 2019 |
| 650 ## - SUBJECT ADDED ENTRY--TOPICAL TERM | |
| Topical Term | Law |
| 942 ## - ADDED ENTRY ELEMENTS (KOHA) | |
| Koha item type | Books |
| Lost status | Damaged status | Collection code | Home library | Current library | Shelving location | Date acquired | Source of acquisition | Cost, normal purchase price | Full call number | Accession Number | Koha item type | Serial Enumeration / chronology |
|---|---|---|---|---|---|---|---|---|---|---|---|---|
| LAW | JRU Library | JRU Library | SHELF-32-E | 02/06/2020 | PURCHASE | 1295.00 | 336.2 SIN | 24250 | Books | |||
| LAW | JRU Library | SHELF-32-E | 02/06/2020 | PURCHASE | 1295.00 | 336.2 SIN | 24251 | Books | ||||
| Reference | JRU Library | JRU Library | SHELF-1-D | 02/06/2020 | PURCHASE | 1295.00 | 336.2 SIN | 24252 | Books | |||
| MANAGEMENT | JRU Library | JRU Library | SHELF-15-C | 08/12/2025 | PURCHASE | 1995.00 | 336.2 SIN | 29268 | Books | LBI/000812 date-06/12/2025 |